Biographie des frontières politiques du centre-est européen; (Record no. 89843)
[ view plain ]
| 000 -LEADER | |
|---|---|
| fixed length control field | 00984cam a22002531 4500 |
| 001 - CONTROL NUMBER | |
| control field | sd 40000092 |
| 003 - CONTROL NUMBER IDENTIFIER | |
| control field | DLC |
| 005 - DATE AND TIME OF LATEST TRANSACTION | |
| control field | 20260227112733.0 |
| 008 - FIXED-LENGTH DATA ELEMENTS--GENERAL INFORMATION | |
| fixed length control field | 810108s1936 ii ab b 000 0 fre c |
| 010 ## - LIBRARY OF CONGRESS CONTROL NUMBER | |
| LC control number | sd 40000092 |
| 035 ## - SYSTEM CONTROL NUMBER | |
| System control number | (OCoLC)7051278 |
| 040 ## - CATALOGING SOURCE | |
| Original cataloging agency | U.S. Dept. of State. Libr. |
| Transcribing agency | OCl |
| Modifying agency | DLC |
| 042 ## - AUTHENTICATION CODE | |
| Authentication code | premarc |
| 050 00 - LIBRARY OF CONGRESS CALL NUMBER | |
| Classification number | D21.5 |
| Item number | .R6 |
| 100 1# - MAIN ENTRY--PERSONAL NAME | |
| Personal name | Rónai, András. |
| 245 10 - TITLE STATEMENT | |
| Title | Biographie des frontières politiques du centre-est européen; |
| Remainder of title | étude politico-géographique consacrée à l'histoire des frontière, |
| Statement of responsibility, etc. | par André Rónai ... |
| 260 ## - PUBLICATION, DISTRIBUTION, ETC. | |
| Place of publication, distribution, etc. | Budapest, |
| Name of publisher, distributor, etc. | Édition de l'Institut des sciences politiques de la Société hongroise de statistique |
| Place of publication, distribution, etc. | [Karcag, |
| Name of publisher, distributor, etc. | Kertesz-Józef könyvnyomdája] |
| Date of publication, distribution, etc. | 1936. |
| 300 ## - PHYSICAL DESCRIPTION | |
| Extent | iv, 140 p. |
| Other physical details | illus. (incl. maps) diagrs. |
| Dimensions | 24 cm. |
| 500 ## - GENERAL NOTE | |
| General note | Maps on lining papers. |
| 504 ## - BIBLIOGRAPHY, ETC. NOTE | |
| Bibliography, etc. note | Bibliography: p. [133]-140. |
| 651 #0 - SUBJECT ADDED ENTRY--GEOGRAPHIC NAME | |
| Geographic name | Europe |
| General subdivision | Historical geography. |
| 650 #0 - SUBJECT ADDED ENTRY--TOPICAL TERM | |
| Topical term or geographic name entry element | Boundaries. |
| 651 #0 - SUBJECT ADDED ENTRY--GEOGRAPHIC NAME | |
| Geographic name | Europe |
| General subdivision | Politics and government. |
No items available.